One - Sudden death - Statistics

General Stats
  • This quiz has been taken 27 times
  • The average score is 20 of 23
Answers on the Grid
Answers color-coded by a green-red scale on the quiz's grid according to % correct below.
1
1
1
1
2
1
2
1
1
2
2
1
1
1
2
2
2
1
1
2
1
1
2
1
2
1
2
2
1
1
1
2
1
2
1
2
2
1
1
2
 
Answer Stats
Answer % Correct
1
100%
1
100%
1
94%
1
94%
1
94%
1
94%
1
94%
1
94%
1
94%
1
89%
1
89%
1
89%
1
83%
1
83%
1
83%
1
83%
1
83%
1
83%
1
83%
1
78%
1
78%
1
78%
1
78%
No matching quizzes found
Score Distribution
Percent of People with Each Score
Percentile by Number Answered
Your Score History
You have not taken this quiz